Verejné obstarávanie z hľadiska vybraných pravidiel a zodpovednosti

Spôsob a charakter verejného obstarávania vo všeobecnom vnímaní vzhľadom na zodpovednosť zamestnancov v sektore územnej samosprávy. Právomoc a zodpovednosť za verejné obstarávanie - aplikačná prax.

Guardado en:
Detalles Bibliográficos
Autor principal: Sýkora, Jozef
Formato: Capítulo de libro
Lenguaje:eslovaco
Materias:
Etiquetas: Agregar Etiqueta
Sin Etiquetas, Sea el primero en etiquetar este registro!

MARC

LEADER 00000naa a2200000 4500
001 0274605
005 20210531085702.2
041 0 |a slo 
044 |a SK 
245 1 0 |a Verejné obstarávanie z hľadiska vybraných pravidiel a zodpovednosti  |c Jozef Sýkora 
520 |a Spôsob a charakter verejného obstarávania vo všeobecnom vnímaní vzhľadom na zodpovednosť zamestnancov v sektore územnej samosprávy. Právomoc a zodpovednosť za verejné obstarávanie - aplikačná prax. 
610 2 0 |a obstarávanie verejné 
610 2 0 |a zodpovednosť pracovníka 
610 2 0 |a samospráva 
610 2 0 |a smernice 
610 2 0 |a zákazky 
100 1 |a Sýkora, Jozef